000
00282nam a2200097Ia 4500
008
171211s9999 xx 000 0 und d
245
_a
Muto-dori: Combate contra adversarios armados
260
_c
1995
650
_x
Martial Arts
856
_u
http://down.ebook777.com/065/8488738161.pdf
999
_c
348169
_d
348169